| Tag |
First Indicator |
Second Indicator |
Subfields |
| LEADER |
00000cam a22000001a 4500 |
| 001 |
in00003276331 |
| 006 |
m d f |
| 007 |
cr bn mmmapmmp |
| 008 |
101011s1997 dcu ob f000 0 eng d |
| 005 |
20260430205639.1 |
| 035 |
|
|
|a cis2007818605
|
| 040 |
|
|
|a LexisNexis
|c LexisNexis
|d UtOrBLW
|
| 043 |
|
|
|a n-us---
|
| 086 |
0 |
|
|a Y 4.ET 3/4:S.PUB.105-10
|
| 099 |
|
|
|a CMP-1997-FCH-0002
|
| 110 |
1 |
|
|a United States.
|b Congress.
|b Senate.
|b Select Committee on Ethics.
|
| 245 |
1 |
4 |
|a The Senate Code of official conduct /
|c Select Committee on Ethics, United States Senate, One Hundred Fifth Congress, first session.
|
| 264 |
|
1 |
|a Washington :
|b U.S. G.P.O. :
|c 1997.
|
| 264 |
|
2 |
|a Washington :
|b For sale by the U.S. G.P.O., Supt. of Docs., Congressional Sales Office,
|
| 300 |
|
|
|a 1 online resource.
|
| 336 |
|
|
|a text
|b txt
|2 rdacontent
|
| 337 |
|
|
|a computer
|b c
|2 rdamedia
|
| 338 |
|
|
|a online resource
|b cr
|2 rdacarrier
|
| 500 |
|
|
|a Record is based on bibliographic data in LexisNexis U.S. Congressional Research Digital Collection. Reuse except for individual research requires license from LexisNexis.
|
| 504 |
|
|
|a Includes bibliographical references.
|
| 500 |
|
|
|a Electronic resource.
|
| 610 |
1 |
0 |
|a United States.
|b Congress.
|b Senate
|x Ethics.
|
| 650 |
|
0 |
|a Financial disclosure
|x Law and legislation
|z United States.
|
| 655 |
|
7 |
|a Electronic books.
|2 local
|
| 710 |
2 |
|
|a ProQuest (Firm)
|
| 776 |
0 |
8 |
|i Print version:
|a United States. Congress. Senate. Select Committee on Ethics.
|t Senate Code of official conduct
|
| 776 |
0 |
8 |
|i Microfiche version:
|a United States. Congress. Senate. Select Committee on Ethics.
|t Senate Code of official conduct
|d Bethesda, MD. :LexisNexis Academic & Library Solutions,1997.
|o CIS 97 S352-2
|w (LexisNexis)cis09701600
|
| 830 |
|
0 |
|a U.S. Congressional Research.
|
| 856 |
4 |
0 |
|u http://proxy.library.tamu.edu/login?url=https://congressional.proquest.com/congcomp/getdoc?CRDC-ID=CMP-1997-FCH-0002
|z Connect to the full text of this electronic book
|t 0
|
| 998 |
|
|
|a cis09701600
|
| 999 |
|
|
|a MARS
|
| 999 |
f |
f |
|s 29ae7567-da32-3822-8aa1-3467105b13be
|i b55d35d3-5059-36ff-ad2b-4f2df36c4a0e
|t 0
|
| 952 |
f |
f |
|a Texas A&M University
|b College Station
|c Electronic Resources
|s www_evans
|d Available Online
|t 0
|e CMP-1997-FCH-0002
|h Other scheme
|
| 998 |
f |
f |
|a CMP-1997-FCH-0002
|t 0
|l Available Online
|